Merchant ships (Record no. 2109)

000 -LEADER
fixed length control field 00402nam a22001457a 4500
008 - FIXED-LENGTH DATA ELEMENTS--GENERAL INFORMATION
fixed length control field 200213b ||||| |||| 00| 0 eng d
082 00 - DEWEY DECIMAL CLASSIFICATION NUMBER
Classification number 387.5
Item number A2578
110 ## - MAIN ENTRY--CORPORATE NAME
9 (RLIN) 1706
Corporate name or jurisdiction name as entry element Anglo French Limited Services
245 10 - TITLE STATEMENT
Title Merchant ships
260 ## - PUBLICATION, DISTRIBUTION, ETC. (IMPRINT)
Place of publication, distribution, etc USA
Name of publisher, distributor, etc Anglo French Limited Services
Date of publication, distribution, etc 1949
300 ## - PHYSICAL DESCRIPTION
Extent 140p.
365 ## - TRADE PRICE
Unit of pricing 3.12
650 #0 - SUBJECT ADDED ENTRY--TOPICAL TERM
Topical term or geographic name as entry element Merchant Ships
942 ## - ADDED ENTRY ELEMENTS (KOHA)
Item type Books
Holdings
Withdrawn status Lost status Source of classification or shelving scheme Damaged status Not for loan Permanent location Current location Date acquired Source of acquisition Full call number Barcode Date last seen Koha item type
          IMU Kolkata IMU Kolkata 1953-03-18 E. W. Steves 387.5 A2578 01753 2020-02-13 Books
Designed and Maintained by IMU-KC Library, Kolkata Campus © Copyright All Rights Reserved

webs counters

Powered by Koha